Nebíčko v papuľke ani šéfkuchár nemá recept na všetko 2

Bibliographic Details
Main Author: Žídek, Jaroslav, 1970- (Author)
Other Authors: Malinová, Nina (Collaborator)
Format: Book
Language:Slovak
PhysicalDescription:174 s. fareb. fotogr. 23 cm
Published: Bratislava Ikar 2013
ISBN:9788055136066
Edition:1. vyd.
Subjects:

MARC

LEADER 00000cam a2200000 a 4500
001 vtls010534183
003 SK-MaSNL
005 20260301214721.0
008 240314s2013 xo o g 001 0 slo
015 |a SNBA2013/09 
020 |a 9788055136066  |q (viaz.) 
035 |a 4AC6D8BB-773D-4579-82C2-3BC4E404DD85 
035 |a urn:nbn:sk:snk-aml7bf 
035 |a urn:nbn:sk:snk-am008tr6 
040 |a SNK  |b slo  |c SNK  |e AACR2 
041 0 |a slo 
044 |a xo  |c SK 
072 7 |a 641  |x Kuchárstvo. Potraviny. Varené jedlá  |2 konspekt 
080 |a 641.55  |2 2001 
080 |a (083.12)  |2 2001 
080 |a (035)  |2 2001 
100 1 |a Žídek, Jaroslav,  |d 1970-  |4 aut  |9 239331 
245 1 0 |a Nebíčko v papuľke  |b ani šéfkuchár nemá recept na všetko  |n 2  |c Jaroslav Žídek ; [textová spolupráca Nina Malinová ; fotografie MOVEMENTS] 
250 |a 1. vyd. 
260 |a Bratislava  |b Ikar  |c 2013 
300 |a 174 s.  |b fareb. fotogr.  |c 23 cm 
504 |a Reg. 
650 0 7 |a jedlá  |2 SNKPH 
650 0 7 |a príprava jedál  |2 SNKPH  |9 57003 
650 0 7 |a Meals  |2 SNKPHeng  |9 311382 
650 0 7 |a Meals preparation  |2 SNKPHeng  |9 304684 
655 7 |a kuchárske recepty  |2 SNKPH  |9 70493 
655 7 |a Cookbooks  |2 SNKPHeng  |9 270340 
655 7 |a príručky  |2 SNKPH  |9 74364 
655 7 |a Handbooks, manuals, etc.  |2 SNKPHeng  |9 90964 
700 1 |a Malinová, Nina  |4 clb  |9 603516 
852 |a Štátna vedecká knižnica v Banskej Bystrici 
919 |a 978-80-551-3606-6 
999 |c 925697  |d 927627 
952 |a SNK  |b SNK  |y PREZ  |7 0  |p 17A1074882  |o snkSC 152900/2  |i snk2013/19836  |8 0  |0 0  |1 0  |4 0  |d 2013-08-26  |f 1  |l 0  |r 2025-07-23 00:00:00  |w 2026-02-24 
952 |a SNK  |b SNK  |y VYP  |7 0  |p 17A1074881  |o snkSC 152900/2 D1  |i snk2013/19837  |8 0  |0 0  |1 0  |4 0  |d 2013-08-26  |l 0  |r 2026-02-24 08:31:03  |w 2026-02-24